DETERMINATION of the world's humid tropical deforestation rates during the 1991's : methodology and results of the TREES-H research programme

Bibliographic Details
Other Authors: Achard
Format: Book
Published: Luxembourg : European Communities , 2002
Series:TREES publications series B, research report ; no. 5
Subjects:

MARC

LEADER 00000cam a2200000 7i4500
001 0000002886
005 20040219.0
020 0 0 |a 9289447249 
090 0 0 |a 333.751370913   |b DET 2002 
245 0 0 |a DETERMINATION of the world's humid tropical deforestation rates during the 1991's :   |b methodology and results of the TREES-H research programme   |c prepared by Frederic Achard ... (et al.) 
260 0 0 |a Luxembourg :   |b European Communities ,   |c 2002 
300 |a ix, 143 p. :   |b ill. ;   |c 30 cm. 
440 0 0 |a TREES publications series B, research report ; no. 5 
500 0 0 |a Bibliography : p. 125-131 
650 0 0 |a Deforestation   |z Tropics 
650 0 0 |a Rain forest ecology 
700 0 1 |a Achard   |h Frederic 
998 |a JPSM 
999 |a 0000005173   |b Monograph   |c Open Shelf   |e Default branch